Unscramble periodic table elements - Statistics

General Stats
  • This quiz has been taken 69 times
  • The average score is 7 of 15
Answer Stats
Unscrambled Element % Correct
Rino Iron
93%
Onen Neon
93%
Cilison Silicon
78%
Nexno Xenon
74%
Ridumii Iridium
57%
Ykotprn Krypton
57%
Mmdcuai Cadmium
50%
Fanhimu Hafnium
36%
Nseraci Arsenic
33%
Modmeiuyn Neodymium
28%
Remcimuia Americium
26%
Carfumin Francium
24%
Tasatnei Astatine
22%
Tunpenumi Neptunium
21%
Rpnimuitcoat Protactinium
17%
No matching quizzes found
Score Distribution
Percent of People with Each Score
Percentile by Number Answered
Your Score History
You have not taken this quiz